书目信息 |
| 题名: |
饲料行业HACCP管理技术指南
|
|
| 作者: | 赵之阳 , 张志青 主编 ;全国饲料工作办公室 , 中国饲料工业协会 编 | |
| 分册: | ||
| 出版信息: | 北京 中国农业出版社 2003.10 |
|
| 页数: | 233页 | |
| 开本: | 21cm | |
| 丛书名: | ||
| 单 册: | ||
| 中图分类: | F326.35-62 | |
| 科图分类: | ||
| 主题词: | 饲料工业--质量管理体系--基本知识--中国 | |
| 电子资源: | ||
| ISBN: | 7-109-05852-2 | |
| 000 | 01105nam0 2200277 450 | |
| 001 | 0104000022 | |
| 005 | 20051012111123.1 | |
| 010 | @a7-109-05852-2@dCNY80.00 | |
| 100 | @a20081126d2003 ekmy0chiy0120 ea | |
| 101 | 0 | @achi |
| 102 | @aCN@b110000 | |
| 105 | @ay z 000yy | |
| 106 | @ar | |
| 200 | 1 | @a饲料行业HACCP管理技术指南@ASi Liao Xing Ye HACCP Guan Li Ji Shu Zhi Nan@f赵之阳, 张志青主编@FZhao Zhi Yang , Zhang Zhi Qing Zhu Bian@g全国饲料工作办公室, 中国饲料工业协会编 |
| 210 | @a北京@c中国农业出版社@d2003.10 | |
| 215 | @a233页@d21cm | |
| 330 | @a本指南共分八部分。分别阐述了饲料的发展现状、饲料安全及饲料行业实行HACCP管理的意义;HACCP的起源与应用;良好的操作规范等诸多内容。 | |
| 606 | 0 | @a饲料工业@x质量管理体系@x基本知识@y中国 |
| 690 | @aF326.35-62@v4 | |
| 701 | 0 | @a赵之阳@AZhao Zhi Yang@4主编 |
| 701 | 0 | @a张志青@AZhang Zhi Qing@4主编 |
| 712 | 02 | @a全国饲料工作办公室@AQuan Guo Si Liao Gong Zuo Ban Gong Shi@4编 |
| 712 | 02 | @a中国饲料工业协会@AZhong Guo Si Liao Gong Ye Xie Hui@4编 |
| 801 | 0 | @aCN@bHTDF@c20081126 |
| 905 | @aBZT@dF326.35-62@e1@f10 | |
| 906 | @dCNY80.00@n0@r1 | |
| 饲料行业HACCP管理技术指南/赵之阳, 张志青主编/全国饲料工作办公室, 中国饲料工业协会编.-北京:中国农业出版社,2003.10 |
| 233页;21cm |
| ISBN 7-109-05852-2:CNY80.00 |
| 本指南共分八部分。分别阐述了饲料的发展现状、饲料安全及饲料行业实行HACCP管理的意义;HACCP的起源与应用;良好的操作规范等诸多内容。 |
| ● |
| 相关链接 |
|
|
|
正题名:饲料行业HACCP管理技术指南
索取号:F326.35-62/1
 
预约/预借
| 序号 | 登录号 | 条形码 | 馆藏地/架位号 | 状态 | 备注 |
| 1 | 719962 | 2000719962 | 中心书库北库/ 北库017架A面2列1层41/ [索取号:F326.35-62/1] | 在馆 | |
| 2 | 719963 | 2000719963 | 中心书库北库/ 北库017架A面2列1层40/ [索取号:F326.35-62/1] | 在馆 | |
| 3 | 719964 | 2000719964 | 中心书库北库/ 北库017架A面2列1层39/ [索取号:F326.35-62/1] | 在馆 | |
| 4 | 719965 | 2000719965 | 中心书库北库/ 北库017架A面2列1层46/ [索取号:F326.35-62/1] | 在馆 | |
| 5 | 719966 | 2000719966 | 中心书库北库/ 北库017架A面2列1层47/ [索取号:F326.35-62/1] | 在馆 | |
| 6 | 719967 | 2000719967 | 中心书库北库/ 北库017架A面2列1层48/ [索取号:F326.35-62/1] | 在馆 | |
| 7 | 719968 | 2000719968 | 中心书库北库/ 北库017架A面2列1层44/ [索取号:F326.35-62/1] | 在馆 | |
| 8 | 719969 | 2000719969 | 中心书库北库/ 北库017架A面2列1层43/ [索取号:F326.35-62/1] | 在馆 | |
| 9 | 719970 | 2000719970 | 中心书库北库/ 北库017架A面2列1层42/ [索取号:F326.35-62/1] | 在馆 | |
| 10 | 719971 | 2000719971 | 中心书库北库/ 北库017架A面2列1层45/ [索取号:F326.35-62/1] | 在馆 |